Preparation of in situ precipitated silica filled styrene butadiene rubber composites and its comparison with commercial silica composites (Record no. 65601)

MARC details
000 -LEADER
fixed length control field 00520nam a2200133Ia 4500
100 ## - MAIN ENTRY--AUTHOR NAME
Personal name Maya K S
245 #0 - TITLE STATEMENT
Title Preparation of in situ precipitated silica filled styrene butadiene rubber composites and its comparison with commercial silica composites
260 ## - PUBLICATION, DISTRIBUTION, ETC. (IMPRINT)
Name of publisher Proceedings of the Asia Rub Tech Expo, 23-25 November 2006, Indian Rubber Institute, Kochi. pp.130.
650 ## - SUBJECT ADDED ENTRY--TOPICAL TERM
Topical Term Styrene butadiene latex
650 ## - SUBJECT ADDED ENTRY--TOPICAL TERM
Topical Term Vulcanizates
700 ## - ADDED ENTRY--PERSONAL NAME
Personal name Joseph Rani
942 ## - ADDED ENTRY ELEMENTS (KOHA)
Koha item type Journals
Holdings
Withdrawn status Lost status Damaged status Not for loan Home library Current library Shelving location Date acquired Koha item type
      Journals RRII Library RRII Library Rubber chemistry 28/12/2006 Journals